Caribbean Capital Cities - Statistics

General Stats
  • This quiz has been taken 51 times
  • The average score is 17 of 34
Answer Stats
Countries Capitals % Correct
Jamaica Kingston
97%
Saint Vincent and the Grenadines Kingstown
97%
The Bahamas Nassau
94%
Cuba Havana
90%
Haiti Port-au-Prince
90%
Dominican Republic Santo Domingo
90%
Barbados Bridgetown
84%
Trinidad and Tobago Port of Spain
81%
Antigua and Barbuda St. John's
81%
Grenada St. George's
77%
Saint Kitts and Nevis Basseterre
74%
Guadeloupe Basse-Terre
74%
Dominca Roseau
68%
Saint Lucia Castries
65%
Puerto Rico San Juan
58%
Aruba Oranjestad
45%
Sint Eustatius Oranjestad
45%
Bermuda Hamilton
42%
Curaçao Willemstad
42%
Montserrat Plymouth (Brades)
39%
Cayman Islands George Town
35%
Turks and Caicos Islands Cockburn Town
32%
Anguilla The Valley
32%
United States Virgin Islands Charlotte Amalie
29%
Martinique Fort-de-France
29%
British Virgin Islands Road Town
29%
Saint Barthélemy Gustavia
23%
Bonaire Kralendijk
23%
Sint Maarten Philipsburg
23%
Saint Martin Marigot
19%
Saba The Bottom
19%
San Andrés and Providencia San Andrés
10%
Federal Dependencies of Venezuela Gran Roque
6%
Nueva Esparta La Asunción
6%
No matching quizzes found
Score Distribution
Percent of People with Each Score
Percentile by Number Answered
Your Score History
You have not taken this quiz